000
00314nam a22001337a 4500
003
SGT
082
_a
923.154
_b
R90N
100
_a
NUGENT, NICHOLAS
245
_a
RAJIV GANDHI:SON OF A DYNASTY
260
_a
INDIA
_b
UNIVERSAL BOOK STALL
_c
1990
300
_a
235
650
_a
PRIME MINISTER OF INDIA
942
_2
ddc
_c
BK
999
_c
25875
_d
25875